| 000 | 00741cam a2200229u 4500 | ||
|---|---|---|---|
| 999 |
_c9304 _d9304 |
||
| 001 | 9304 | ||
| 003 | BD-JhCC | ||
| 005 | 20180925115824.0 | ||
| 008 | 830309s1930 ilu b 000 0ceng | ||
| 035 | _a(BD-JhCC)9304 | ||
| 040 |
_aDLC _cCarP _dDLC _dBD-JhCC |
||
| 041 | _aeng | ||
| 050 | 0 | 0 |
_aPR1223 _b.W6 |
| 082 |
_bWOO 1930 _a821 |
||
| 100 | 1 |
_aWoods, George Benjamin, _d1878- [from old catalog] |
|
| 245 | 1 | 0 |
_aPoetry of the Victorian period, _cselected and edited, with critical and explanatory notes, brief biographies, and bibliographies, |
| 260 |
_aChicago, _aAtlanta [etc.] _bScott, Foresman and company, _c1930. |
||
| 300 |
_axviii, 1112 p. _c24 cm. |
||
| 650 | 0 |
_aEnglish poetry _y19th century. |
|
| 942 |
_2ddc _cBK |
||